An efficiency index for selection of brush weed cutter (Record no. 49713)

MARC details
000 -LEADER
fixed length control field 00429nam a2200169Ia 4500
100 ## - MAIN ENTRY--AUTHOR NAME
Personal name Siju T
245 #3 - TITLE STATEMENT
Title An efficiency index for selection of brush weed cutter
260 ## - PUBLICATION, DISTRIBUTION, ETC. (IMPRINT)
Name of publisher Rubber Science
Year of publication 2014
300 ## - PHYSICAL DESCRIPTION
Number of Pages 243-247
650 ## - SUBJECT ADDED ENTRY--TOPICAL TERM
Topical Term Efficiency index
650 ## - SUBJECT ADDED ENTRY--TOPICAL TERM
Topical Term Expert judgement
650 ## - SUBJECT ADDED ENTRY--TOPICAL TERM
Topical Term Ranks
650 ## - SUBJECT ADDED ENTRY--TOPICAL TERM
Topical Term Statistical method
650 ## - SUBJECT ADDED ENTRY--TOPICAL TERM
Topical Term WEights
942 ## - ADDED ENTRY ELEMENTS (KOHA)
Koha item type Bibliography STAF
Holdings
Withdrawn status Lost status Damaged status Not for loan Home library Current library Shelving location Date acquired Serial Enumeration / chronology Koha item type
      Bibliography RRII Library RRII Library Economics 09/12/2014 Volume 27, Issue 2 Bibliography STAF